LIBRARY & INFORMATION CENTRE, KCAET, TAVANUR

ONLINE PUBLIC ACCESS CATALOGUE (OPAC)

Hartmann and Kester,s Plant Propagation: Principles and Practices (Record no. 14433)

MARC details
000 -LEADER
fixed length control field 00469nam a22001697a 4500
020 ## - INTERNATIONAL STANDARD BOOK NUMBER
ISBN 9788120331457
082 ## - DEWEY DECIMAL CLASSIFICATION NUMBER
Classification number 631.53
Item number HAR/PL
100 ## - MAIN ENTRY--AUTHOR NAME
Personal name Hartmann,Hudson T
100 ## - MAIN ENTRY--AUTHOR NAME
Personal name Kester,Dale E.
100 ## - MAIN ENTRY--AUTHOR NAME
Personal name Davies,Fred T.
100 ## - MAIN ENTRY--AUTHOR NAME
Personal name Geneve,Robert L.
245 ## - TITLE STATEMENT
Title Hartmann and Kester,s Plant Propagation: Principles and Practices
250 ## - EDITION STATEMENT
Edition statement 7 th
260 ## - PUBLICATION, DISTRIBUTION, ETC. (IMPRINT)
Place of publication New Delhi
Name of publisher PHI Learning Private Limited
Year of publication 2009
300 ## - PHYSICAL DESCRIPTION
Number of Pages 880
942 ## - ADDED ENTRY ELEMENTS (KOHA)
Koha item type Books
Holdings
Withdrawn status Lost status Damaged status Collection code Home library Current library Shelving location Date acquired Source of acquisition Cost, normal purchase price Full call number Accession Number Koha item type
        KAUAET KAUAET General Stacks 30/03/2013 Aman Book Stall, Calicut 595.00 631.53 HAR/PL 24096 Books
free website counter